|
|
|
|
| LEADER |
01141cam a2200325Ia 4500 |
| 001 |
9780203980217 |
| 003 |
FlBoTFG |
| 005 |
20091230162925.0 |
| 006 |
a|||||s||||||||||| |
| 007 |
cr|||| |
| 008 |
990203s1999 enk sb 001 0 eng d |
| 020 |
|
|
|a 9780203980217 (e-book : PDF)
|
| 040 |
|
|
|a FlBoTFG
|c FlBoTFG
|d GrThAP
|
| 043 |
|
|
|a a-is---
|
| 090 |
|
|
|a DS149
|b .P74 1999
|
| 092 |
|
|
|a 320.54095694
|b P958
|
| 100 |
1 |
|
|a Prior, Michael
|q (Michael P.)
|
| 245 |
1 |
0 |
|a Zionism and the state of Israel
|h [electronic resource] :
|b a moral inquiry /
|c Michael Prior.
|
| 260 |
|
|
|a London ;
|a New York :
|b Routledge,
|c 1999.
|
| 300 |
|
|
|a xv, 291 p.
|
| 504 |
|
|
|a Includes bibliographical references (p. [265]-280) and index.
|
| 530 |
|
|
|a Also available in print edition.
|b CRC Press (http://www.crcpress.com)
|
| 538 |
|
|
|a Mode of access: World Wide Web.
|
| 650 |
|
0 |
|a Zionism
|x History.
|
| 650 |
|
0 |
|a Zionism
|x Moral and ethical aspects.
|
| 650 |
|
0 |
|a Christian Zionism.
|
| 651 |
|
0 |
|a Israel
|x History.
|
| 655 |
|
7 |
|a Electronic books.
|2 lcsh
|
| 776 |
1 |
|
|z 9780415204620
|
| 856 |
4 |
0 |
|u http://www.tandfebooks.com/isbn/9780203980217
|z Full Text via HEAL-Link
|